Statistics for Spider-Man: Far From Home Quiz (SPOILERS)

Click here to take the quiz!

General Stats

  • This quiz has been taken 33 times
  • The average score is 10 of 16

Answer Stats

ActorRole% Correct
ZendayaMJ
100%
Tom HollandPeter Parker/Spider-Man
100%
Jacob BatalonNed Leeds
97%
Samuel L. JacksonNick Fury
90%
Marisa TomeiAunt May
83%
Jon FavreauHappy Hogan
83%
J. K. SimmonsJ. Jonah Jameson
83%
Jake GyllenhaalQuentin Beck/Mysterio
83%
Cobie SmuldersMaria Hill
70%
Tony RevoloriFlash Thompson
63%
Angourie RiceBetty Brant
50%
Ben MendelsohnTalos
30%
Remy HiiBrad Davis
17%
JB SmooveMr. Dell
13%
Jorge Lendeborg Jr.Jason Ionello
7%
Martin StarrMr. Harrimgton
7%

Score Distribution

Percentile by Number Answered

Percent of People with Each Score

Your Score History

You have not taken this quiz